The essentials of real estate law [

Bibliographic Details
Main Author: Slossberg, Lynn T.
Format: Book
Language:English
Published: Australia : Thomson , 2008
Edition:2nd.ed.
Subjects:

MARC

LEADER 00000cam a2200000 7i4500
001 0000022523
005 20091207.0
008 091207 at a e eng
020 |a 9781418013929 
040 |a INS 
090 0 0 |a CD 355 
100 1 |a Slossberg, Lynn T. 
245 1 4 |a The essentials of real estate law [  |h electronic resources]   |c Lynn T.Slossberg 
250 |a 2nd.ed. 
260 |a Australia :   |b Thomson ,   |c 2008 
300 |a 1 computer optical disc :   |b col., sd., ill. ;   |c 4 3/4 in. 
500 |a Includes index 
650 0 0 |a Conveyancing   |z United States 
650 0 0 |a Legal assistants   |z United States   |x Handbooks, manuals, etc. 
650 0 0 |a Real property   |z United States 
650 0 0 |a Vendors and purchasers   |z United States 
999 |a CD00000355   |b CD-ROM   |c Media Collection   |e Default branch 
999 |a CD00000461   |b CD-ROM   |c Media Collection   |e Default branch